000003723 001__ 3723 000003723 005__ 20260410141723.0 000003723 0247_ $$2DOI$$a10.6083/fn106z37b 000003723 037__ $$aIR 000003723 245__ $$aGuardHouse: locking the stable door ahead of the Trojan Horse 000003723 269__ $$a1999 000003723 336__ $$aArticle 000003723 520__ $$acse-00-006 000003723 540__ $$fCC BY 000003723 542__ $$fIn copyright - single owner 000003723 691__ $$aOregon Graduate Institute 000003723 7001_ $$aBeattie, Steven M. 000003723 8564_ $$9fa709ab2-0015-44f2-a119-7c5ec5d3d67e$$s23572$$uhttps://digitalcollections.ohsu.edu/record/3723/files/csetech-40.pdf$$ePublic$$2eb84f8a34ab12ae11e02388e0cb07335$$31 000003723 901__ $$a<p>These documents are archival records. They are retained for historical reference only. </p><p><b>Need an accessible version? Use the "Get Accessible Copy" link above.</b></p> 000003723 905__ $$a/rest/prod/fn/10/6z/37/fn106z37b 000003723 956__ $$aGet Accessible Copy$$uhttps://ohsu.libwizard.com/f/requestaccessibledocument 000003723 980__ $$aScholars Archive